[Event "LSS No Engine Cup 38 Preliminary 4"]
[Site "LSS email"]
[Date "2011.03.02"]
[Round "?"]
[White "Webb, Clayton"]
[Black "Mostowik, Pawel"]
[Result "0-1"]
[WhiteElo "1092"]
[BlackElo "1999"]
[PlyCount "46"]
[EventDate "2011.03.03"]
[EventType "tourn (corr)"]
[EventRounds "6"]
[EventCountry "GER"]
[SourceTitle "Telechess CBM 151"]
[Source "ChessBase"]
[SourceDate "2012.11.13"]
[SourceVersion "1"]
[SourceVersionDate "2012.11.13"]
[SourceQuality "1"]

1. e4 c5 2. Nf3 Nc6 3. g3 Nf6 4. d3 d5 5. Nbd2 d4 6. Bg2 e5 7. 0-0 Be7 8. h4 0-0 9. Nc4 Bg4 10. Bg5 h6 11. Bxf6 Bxf6 12. a3 b5 13. Ncd2 Qd7 14. Re1 Be6 15. Nh2 c4 16. Rc1 Be7 17. c3 Rfd8 18. dxc4 dxc3 19. Ndf3 Qxd1 20. Rcxd1 cxb2 21. cxb5 Rxd1 22. Rxd1 Na5 23. Nxe5 Rd8 0-1

[Event "SN-2010-0-00301"]
[Site "LSS email"]
[Date "2011.01.06"]
[Round "?"]
[White "Croke, Pat"]
[Black "Webb, Clayton"]
[Result "0-1"]
[WhiteElo "522"]
[BlackElo "982"]
[PlyCount "66"]
[EventDate "2010.12.21"]
[EventType "tourn (corr)"]
[EventRounds "6"]
[EventCountry "GER"]
[SourceTitle "Telechess CBM 145"]
[Source "Chessbase"]
[SourceDate "2011.11.11"]
[SourceVersion "1"]
[SourceVersionDate "2011.11.11"]
[SourceQuality "1"]

1. e4 e5 2. Nf3 Nc6 3. Bc4 Bc5 4. Ng5 Qxg5 5. d3 Qxg2 6. Rf1 Nf6 7. Nd2 0-0 8. Qf3 Qxf3 9. Nxf3 d6 10. Be3 Bxe3 11. fxe3 Na5 12. 0-0-0 Nxc4 13. dxc4 Nxe4 14. Nh4 Be6 15. b3 Nc3 16. Rd2 Nxa2+ 17. Kb2 Nb4 18. Rg1 f5 19. Rdg2 Rf7 20. Nf3 g6 21. Ng5 Re7 22. Nxh7 Kxh7 23. Rxg6 Rf8 24. R6g3 f4 25. Rg5 Rf6 26. Kc3 a5 27. Ra1 b6 28. exf4 Rxf4 29. Rag1 Rf3+ 30. Kb2 Rh3 31. Rh1 Rg7 32. Rxg7+ Kxg7 33. Rg1+ Kf6 0-1

[Event "SN-2010-0-00301"]
[Site "LSS email"]
[Date "2011.01.06"]
[Round "?"]
[White "Vontina, Maria"]
[Black "Webb, Clayton"]
[Result "0-1"]
[WhiteElo "636"]
[BlackElo "982"]
[PlyCount "84"]
[EventDate "2010.12.21"]
[EventType "tourn (corr)"]
[EventRounds "6"]
[EventCountry "GER"]
[SourceTitle "Telechess CBM 145"]
[Source "Chessbase"]
[SourceDate "2011.11.11"]
[SourceVersion "1"]
[SourceVersionDate "2011.11.11"]
[SourceQuality "1"]

1. e4 c5 2. Nf3 d6 3. d4 cxd4 4. Nxd4 Nf6 5. Nc3 a6 6. Bg5 e6 7. f4 Be7 8. g4 e5 9. fxe5 dxe5 10. Bxf6 Bxf6 11. Nf5 Bh4+ 12. Ke2 0-0 13. Qxd8 Bxd8 14. h3 Nc6 15. a3 Bxf5 16. gxf5 Nd4+ 17. Kd3 Rc8 18. Bg2 Ba5 19. b4 Bd8 20. Rac1 Bg5 21. Rcd1 Rfd8 22. Bf1 Nb5+ 23. Nd5 Nc3 24. Ra1 Nxd5 25. exd5 Bf6 26. Bg2 e4+ 27. Bxe4 Bxa1 28. Rxa1 b5 29. Rc1 g6 30. fxg6 hxg6 31. c4 f5 32. Bf3 bxc4+ 33. Rxc4 Kf7 34. Kd4 Kf6 35. Rxc8 Rxc8 36. Be2 Rh8 37. Bf1 Rh4+ 38. Kc5 Ke5 39. Bxa6 Rxh3 40. Bb7 Rxa3 41. d6 Rc3+ 42. Kb5 Kxd6 0-1

[Event "SN-2010-0-00301"]
[Site "LSS email"]
[Date "2011.01.06"]
[Round "?"]
[White "Webb, Clayton"]
[Black "Bester, Kazimierz"]
[Result "1-0"]
[WhiteElo "982"]
[BlackElo "786"]
[PlyCount "76"]
[EventDate "2010.12.21"]
[EventType "tourn (corr)"]
[EventRounds "6"]
[EventCountry "GER"]
[SourceTitle "Telechess CBM 145"]
[Source "Chessbase"]
[SourceDate "2011.11.11"]
[SourceVersion "1"]
[SourceVersionDate "2011.11.11"]
[SourceQuality "1"]

1. e4 d5 2. exd5 Qxd5 3. Nc3 Qa5 4. d4 Nc6 5. d5 Ne5 6. Qd4 f6 7. Bd2 Bd7 8. Nb5 0-0-0 9. Bxa5 Bxb5 10. Bxb5 b6 11. Ba6+ Kb8 12. Bc3 Nc6 13. dxc6 Rxd4 14. Bxd4 e5 15. Be3 Bd6 16. 0-0-0 Ne7 17. Bb7 h6 18. Ne2 f5 19. g3 g5 20. f4 exf4 21. gxf4 g4 22. Nc3 Ng6 23. Rhf1 h5 24. Nb5 Rd8 25. Nxd6 cxd6 26. b4 Kc7 27. c4 Ne7 28. b5 Ng6 29. Rd2 Nh4 30. Rfd1 Nf3 31. Rd5 h4 32. Rxf5 Re8 33. Rf7+ Kb8 34. Rxd6 Nxh2 35. Ba6 Nf1 36. Rb7+ Ka8 37. Rdd7 Nxe3 38. Rxa7+ Kb8 1-0